Click the Corresponding "S" City. - Statistics

General Stats
  • This quiz has been taken 44 times
  • The average score is 16 of 24
Answer Stats
Hint Answer % Correct
El Salvador San Salvador
84%
Australia Sydney
84%
Chile Santiago
81%
South Korea Seoul
77%
Russia-#2 Saint Petersburg
74%
Brazil-#1 Sao Paulo
74%
United Kingdom-#5 Sheffield
74%
Croatia Split
74%
France Strasbourg
74%
India Surat
74%
Fiji Suva
74%
Costa Rica San Jose
71%
United Kingdom-#27 Southampton
71%
Italy Syracuse
71%
Brazil-#5 Salvador
68%
China-#3 Shenzhen
68%
Switzerland St Gallen
68%
Russia-#17 Saratov
65%
Japan Sendai
61%
China-#9 Shenyang
52%
United States-#17 San Francisco
35%
Russia-#9 Samara
32%
United States-#7 San Antonio
32%
United States-#8 San Diego
26%
No matching quizzes found
Score Distribution
Percent of People with Each Score
Percentile by Number Answered
Your Score History
You have not taken this quiz